Les collectionneurs - 1 - Statistiques

Statistiques générales
  • Ce quiz a été pris 119 fois
  • Le résultat moyen est 10 sur 15
Statistiques - réponses
Hint Réponse % Correct
Aérophile Tout sur l'aviation
96%
Billetophile Billets de banque
94%
Bédéphile Bandes dessinées
92%
Avrilospiscicophile Poissons d'avril
92%
Aqualabélophile Etiquettes de bouteilles d'eau
90%
Boxumusicophile Boîte à musique
86%
Bibliophile Livres précieux
73%
Bibliomaniaque Livres quels qu'ils soient
71%
Aérophilatéliste Timbres de poste aérienne
71%
Appertophile Ouvre-boîtes
62%
Arénophile Sables
58%
Buticulamicrophile Mignonnettes
42%
Buxidanicophile Tabatières
39%
Arctophile Ours en peluche
38%
Atramantophile Encriers
37%
Aucun quiz correspondant
Distribution des résultats
% des personnes avec chaque résultat
Percentile par nombre de réponses
Votre historique - résultats
Vous n’avez pas pris ce quiz